| 000 | 00316nam a2200085Ia 4500 | ||
|---|---|---|---|
| 008 | 160715s9999 xx 000 0 und d | ||
| 245 | _aZest-O’s Yao new ‘Grand MVP Bossing’ | ||
| 260 |
_bPhilippine Daily Inquirer _cNovember 25, 2013 |
||
| 856 | _uhttp://business.inquirer.net/153751/zest-os-yao-new-grand-mvp-bossing | ||
| 999 |
_c297743 _d297743 |
||